MCQ IN COMPUTER SCIENCE (Record no. 8440)
[ view plain ]
| 000 -LEADER | |
|---|---|
| fixed length control field | 00263nam a22001097a 4500 |
| 008 - FIXED-LENGTH DATA ELEMENTS--GENERAL INFORMATION | |
| fixed length control field | 200130b ||||| |||| 00| 0 eng d |
| 020 ## - INTERNATIONAL STANDARD BOOK NUMBER | |
| Linkage | 9789351342496 |
| 082 ## - | |
| Edition number | 5th |
| Classification number | 004 WIM |
| 100 ## - MAIN ENTRY--PERSONAL NAME | |
| Personal name | WILLIAMS,TIMOTHY |
| 245 ## - TITLE STATEMENT | |
| Title | MCQ IN COMPUTER SCIENCE |
| 250 ## - EDITION STATEMENT | |
| Linkage | Page-477 |
No items available.